000 005180000a22001810004500
003 MACL
005 20160129115810.0
008 160129b xxu||||| |||| 00| 0 eng d
040 _aMACL
_cMACL
041 _aEnglish
082 _a510/GOY
100 _aGoyal, Dr. S. K.
_935223
245 _aSelected Topics in Mathematics
_bSkills In Mathematics For IIT JEE & Other Engineering Enterances
260 _bArihant Prakashan,Meerut
_aMeerut
350 _a160
650 _aMathematics
_95682
942 _cBK
_k510/GOY
_2ddc
999 _c44770
_d44770